[Event "Harrogate 4NCL op 24th"]
[Site "Harrogate"]
[Date "2020.01.17"]
[Round "1"]
[White "Obi, Okwose Marc"]
[Black "Parry, Jacques"]
[Result "1-0"]
[WhiteElo "1783"]
[BlackElo "1616"]
[PlyCount "89"]
[EventDate "2020.01.17"]
[EventType "swiss"]
[EventRounds "5"]
[EventCountry "ENG"]
[SourceTitle "CBM 195 Extra"]
[Source "ChessBase"]
[SourceDate "2020.05.31"]
[SourceVersion "1"]
[SourceVersionDate "2020.05.31"]
[SourceQuality "1"]

1. d4 Nf6 2. Bf4 e6 3. e3 d5 4. Nd2 Bd6 5. Bg3 b6 6. Bd3 c5 7. c3 Bb7 8. Ngf3 Nc6 9. Qe2 cxd4 10. exd4 0-0 11. Ne5 Ne7 12. Bh4 Ng6 13. Bxf6 gxf6 14. Nxg6 hxg6 15. 0-0-0 e5 16. h4 exd4 17. cxd4 Re8 18. Qf3 f5 19. h5 Qf6 20. hxg6 fxg6 21. Qh3 Rac8+ 22. Kb1 Rc7 23. g4 fxg4 24. Qxg4 Rg7 25. Rh6 Bc8 26. Qg2 Bf5 27. Qxd5+ Be6 28. Qf3 Qxf3 29. Nxf3 Bg4 30. Bc4+ Be6 31. Bxe6+ Rxe6 32. Ng5 Re8 33. Rdh1 Kf8 34. d5 Bf4 35. Ne6+ Rxe6 36. Rh8+ Kf7 37. dxe6+ Kxe6 38. Re1+ Kf5 39. Rf8+ Kg4 40. Rg1+ Kf3 41. Rg3+ Kxf2 42. Rg4 g5 43. Rfxf4+ gxf4 44. Rxg7 f3 45. Rxa7 1-0

[Event "Torquay Bloodworth op"]
[Site "Torquay"]
[Date "2019.09.05"]
[Round "5"]
[White "Parry, Jacques"]
[Black "Hibbitt, Arthur M"]
[Result "1-0"]
[WhiteElo "1626"]
[BlackElo "1771"]
[PlyCount "37"]
[EventDate "2019.09.01"]
[EventType "swiss"]
[EventRounds "7"]
[EventCountry "ENG"]
[SourceTitle "CBM 192 Extra"]
[Source "Chessbase"]
[SourceDate "2019.11.06"]
[SourceVersion "1"]
[SourceVersionDate "2019.11.06"]
[SourceQuality "1"]

1. d4 d6 2. Nf3 Nf6 3. c4 Nbd7 4. Nc3 e5 5. e4 exd4 6. Nxd4 g6 7. Bg5 h6 8. Bh4 Be7 9. Bg3 Nh5 10. Nd5 Nxg3 11. hxg3 Bf8 12. Nb5 Be7 13. Nbxc7+ Kf8 14. Nxa8 Nf6 15. Qd4 Kg8 16. Nac7 Be6 17. Nxe6 fxe6 18. Nxe7+ Qxe7 19. 0-0-0 1-0

[Event "Telford 4NCL U2050 op"]
[Site "Telford"]
[Date "2018.11.04"]
[Round "8"]
[White "Parry, Jacques"]
[Black "Potter, Steven"]
[Result "0-1"]
[WhiteElo "1625"]
[BlackElo "1771"]
[PlyCount "106"]
[EventDate "2018.10.31"]
[EventType "swiss"]
[EventRounds "9"]
[EventCountry "ENG"]
[SourceTitle "EXT 2021"]
[Source "ChessBase"]
[SourceDate "2020.10.23"]
[SourceVersion "1"]
[SourceVersionDate "2020.10.23"]
[SourceQuality "1"]

1. e4 e6 2. d4 b6 3. Nf3 Bb7 4. Bd3 c5 5. c3 Nf6 6. Qe2 Be7 7. 0-0 Nc6 8. a3 Na5 9. Nbd2 c4 10. Bc2 Qc7 11. Re1 0-0 12. Nf1 b5 13. Ng3 a6 14. e5 Ne8 15. Be4 Bxe4 16. Nxe4 Nb3 17. Rb1 Nxc1 18. Rbxc1 Qd8 19. Rcd1 d5 20. Ng3 a5 21. Nd2 b4 22. axb4 axb4 23. f4 bxc3 24. bxc3 Ra2 25. Ra1 Qa5 26. Nxc4 Rxe2 27. Nxa5 Rxe1+ 28. Rxe1 Bh4 29. Re3 Bxg3 30. Rxg3 Nc7 31. c4 dxc4 32. Nxc4 f5 33. Rd3 Ra8 34. g3 h6 35. Ne3 Ra5 36. d5 exd5 37. Nxf5 Kf7 38. Nd4 g6 39. g4 Ra4 40. f5 h5 41. fxg6+ Kxg6 42. gxh5+ Kxh5 43. e6 Kg6 44. Rg3+ Kf6 45. Rf3+ Ke5 46. Ne2 Nxe6 47. Kf2 d4 48. Nxd4 Nxd4 49. Rf7 Nf5 50. Rh7 Ke4 51. h4 Ra2+ 52. Kg1 Kf3 53. Rc7 Rg2+ 0-1

[Event "London Classic op"]
[Site "London"]
[Date "2017.12.08"]
[Round "8"]
[White "De Paolis, Fabrizio"]
[Black "Parry, Jacques"]
[Result "1-0"]
[WhiteElo "1763"]
[BlackElo "1596"]
[PlyCount "67"]
[EventDate "2017.12.02"]
[EventType "swiss"]
[EventRounds "9"]
[EventCountry "ENG"]
[SourceTitle "CBM 182 Extra"]
[Source "ChessBase"]
[SourceDate "2018.02.23"]
[SourceVersion "1"]
[SourceVersionDate "2018.02.23"]
[SourceQuality "1"]

1. d4 Nf6 2. c4 c5 3. d5 g6 4. Nc3 Bg7 5. Nf3 d6 6. h3 0-0 7. e4 e6 8. Bd3 Na6 9. a3 Nc7 10. 0-0 exd5 11. exd5 b5 12. cxb5 Ncxd5 13. Nxd5 Nxd5 14. Be4 Nb6 15. Bxa8 Nxa8 16. Re1 a6 17. bxa6 Bxa6 18. Bg5 Qb6 19. Be7 Re8 20. Qxd6 Rc8 21. Qxb6 Nxb6 22. Rab1 c4 23. Bd6 Nd7 24. Bb4 Nc5 25. Bc3 Nd3 26. Re7 Bf8 27. Re2 Rb8 28. Nd4 Bxa3 29. Nc6 Rb7 30. Re8+ Bf8 31. Ra1 Nc5 32. Bb4 Kg7 33. Rxf8 Rxb4 34. Nxb4 1-0

[Event "London Classic op U1750 8th"]
[Site "London"]
[Date "2016.12.13"]
[Round "2"]
[White "Parry, Jacques"]
[Black "Kapur, Gul"]
[Result "1/2-1/2"]
[WhiteElo "1690"]
[BlackElo "1216"]
[PlyCount "42"]
[EventDate "2016.12.12"]
[EventType "swiss"]
[EventRounds "5"]
[EventCountry "ENG"]
[SourceTitle "EXT 2019"]
[Source "ChessBase"]
[SourceDate "2018.10.10"]
[SourceVersion "1"]
[SourceVersionDate "2018.10.10"]
[SourceQuality "1"]

1. d4 d5 2. c4 Nf6 3. cxd5 Nxd5 4. Nf3 Bf5 5. Nc3 Nxc3 6. bxc3 e6 7. e3 c6 8. Bd3 Bxd3 9. Qxd3 Be7 10. 0-0 0-0 11. Rb1 Qc7 12. e4 h6 13. Ne5 Nd7 14. f4 Rad8 15. Nxd7 Rxd7 16. Qh3 f5 17. e5 c5 18. Kh1 cxd4 19. cxd4 Rxd4 20. Qb3 Qd7 21. Qxb7 Rd8 1/2-1/2

[Event "London Classic op U1825 8th"]
[Site "London"]
[Date "2016.12.11"]
[Round "4"]
[White "Metcalfe, Charlie P"]
[Black "Parry, Jacques"]
[Result "1-0"]
[WhiteElo "1538"]
[BlackElo "1690"]
[PlyCount "103"]
[EventDate "2016.12.09"]
[EventType "swiss"]
[EventRounds "5"]
[EventCountry "ENG"]
[SourceTitle "EXT 2019"]
[Source "ChessBase"]
[SourceDate "2018.10.10"]
[SourceVersion "1"]
[SourceVersionDate "2018.10.10"]
[SourceQuality "1"]

1. d4 d5 2. Nf3 e6 3. c4 Nf6 4. Nc3 c6 5. Bg5 Nbd7 6. cxd5 exd5 7. e3 Be7 8. Bd3 0-0 9. 0-0 Re8 10. Qc2 Nf8 11. Ne5 Nh5 12. Bxe7 Qxe7 13. Rab1 g6 14. b4 Nd7 15. Nf3 b5 16. Bxb5 cxb5 17. Nxd5 Qd8 18. Nc7 Nb6 19. Nxa8 Bf5 20. Qb3 Qxa8 21. Rbc1 Be6 22. Qb2 Nc4 23. Qc2 Bf5 24. Qe2 Nf4 25. Qd1 Nd5 26. Qb3 Ndb6 27. Rfe1 Be4 28. Qd1 Nb2 29. Qb3 Nd3 30. Ng5 Qd5 31. Nxe4 Qxb3 32. Nf6+ Kf8 33. axb3 Re7 34. Nxh7+ Kg7 35. Ng5 Nxe1 36. Rxe1 Nd5 37. h3 Nxb4 38. Rc1 a5 39. Rc5 Rb7 40. d5 Nd3 41. Rc3 Ne5 42. Ne4 a4 43. Nc5 Ra7 44. bxa4 bxa4 45. Ra3 Ra5 46. Nxa4 Nc4 47. Ra2 Nb6 48. Nc3 Rc5 49. Ra6 Nxd5 50. Nxd5 Rxd5 51. Kh2 Rf5 52. f3 1-0

[Event "London Classic op U1825 8th"]
[Site "London"]
[Date "2016.12.10"]
[Round "2"]
[White "Gaudeau, Alain"]
[Black "Parry, Jacques"]
[Result "1/2-1/2"]
[WhiteElo "1402"]
[BlackElo "1690"]
[PlyCount "99"]
[EventDate "2016.12.09"]
[EventType "swiss"]
[EventRounds "5"]
[EventCountry "ENG"]
[SourceTitle "EXT 2019"]
[Source "ChessBase"]
[SourceDate "2018.10.10"]
[SourceVersion "1"]
[SourceVersionDate "2018.10.10"]
[SourceQuality "1"]

1. d4 d5 2. c4 e6 3. Nc3 Nf6 4. Nf3 c6 5. cxd5 exd5 6. Bg5 Be7 7. e3 Bf5 8. Bd3 Bxd3 9. Qxd3 Nbd7 10. 0-0 0-0 11. Rab1 Re8 12. b4 b5 13. a4 a6 14. Rfc1 Ne4 15. Bxe7 Qxe7 16. a5 Nd6 17. Nd2 Nc4 18. Na2 Nf6 19. Nc3 Ng4 20. Nf1 Nf6 21. h3 Rad8 22. Ng3 g6 23. Na2 Rd6 24. Rc3 Re6 25. Nc1 Ne4 26. Nxe4 Rxe4 27. Nb3 Qa7 28. Nc5 R4e7 29. Rbb3 f5 30. g3 Ra8 31. Kg2 Qb8 32. Qc2 Qf8 33. Nd3 Rxe3 34. Ne5 Rxc3 35. Rxc3 Nxe5 36. dxe5 Qxb4 37. Rxc6 Qe4+ 38. Qxe4 dxe4 39. Rd6 Ra7 40. e6 Kf8 41. f3 Ke7 42. Rb6 b4 43. fxe4 fxe4 44. Kf2 b3 45. Ke3 b2 46. Kxe4 Rc7 47. Kd5 Rc1 48. Rb7+ Kf6 49. Rxb2 Rd1+ 50. Kc6 1/2-1/2

[Event "London Classic op U1825 8th"]
[Site "London"]
[Date "2016.12.10"]
[Round "3"]
[White "Parry, Jacques"]
[Black "Chidipothu, Nikhil"]
[Result "1-0"]
[WhiteElo "1690"]
[BlackElo "1451"]
[PlyCount "153"]
[EventDate "2016.12.09"]
[EventType "swiss"]
[EventRounds "5"]
[EventCountry "ENG"]
[SourceTitle "EXT 2019"]
[Source "ChessBase"]
[SourceDate "2018.10.10"]
[SourceVersion "1"]
[SourceVersionDate "2018.10.10"]
[SourceQuality "1"]

1. d4 d5 2. c4 e6 3. Nc3 Nf6 4. Bg5 Be7 5. Nf3 0-0 6. e3 h6 7. Bh4 Nbd7 8. Bd3 b6 9. cxd5 Nxd5 10. Bxe7 Qxe7 11. Nxd5 exd5 12. 0-0 Nf6 13. Ne5 Bb7 14. Rc1 Rac8 15. Nc6 Bxc6 16. Rxc6 Qd7 17. Qc2 Qe8 18. Rc1 a5 19. Bf5 Rb8 20. Rxc7 Kh8 21. Qc6 Qxc6 22. R1xc6 b5 23. Ra7 a4 24. Rcc7 Kg8 25. Rcb7 Ne4 26. Rxb8 Rxb8 27. Rc7 Nd6 28. Bh3 Kf8 29. g3 Nc4 30. b3 Nd2 31. Bg2 axb3 32. axb3 Ne4 33. Bxe4 dxe4 34. Rc5 f6 35. Kg2 Kf7 36. f3 exf3+ 37. Kxf3 Ke7 38. Ke4 Kd6 39. Kd3 Rb6 40. e4 Rb7 41. e5+ fxe5 42. Rxe5 Rb6 43. Ke4 Rb7 44. b4 Rb6 45. Rc5 Kd7 46. d5 Kd6 47. h3 g6 48. Rc6+ Rxc6 49. dxc6 Kxc6 50. Ke5 g5 51. g4 Kb6 52. Kd6 Kb7 53. Kc5 Ka6 54. Kc6 Ka7 55. Kxb5 Kb7 56. Kc5 Kc7 57. Kd5 Kb6 58. Ke6 Kb5 59. Kf6 Kxb4 60. Kg6 Kc5 61. Kxh6 Kd6 62. Kxg5 Ke6 63. Kg6 Ke7 64. Kg7 Ke6 65. h4 Ke7 66. h5 Ke6 67. h6 Ke7 68. h7 Ke6 69. h8Q Kd5 70. Kf7 Ke4 71. Qf6 Kd5 72. g5 Ke4 73. g6 Kd5 74. g7 Ke4 75. g8Q Kd5 76. Qgg5+ Ke4 77. Qff4+ 1-0

[Event "London Golders Green op U1900 5th"]
[Site "London"]
[Date "2015.01.17"]
[Round "1"]
[White "Venkateswaran, Nimal Krishnan"]
[Black "Parry, Jacques"]
[Result "0-1"]
[WhiteElo "1552"]
[BlackElo "1791"]
[PlyCount "90"]
[EventDate "2015.01.17"]
[EventType "swiss"]
[EventRounds "5"]
[EventCountry "ENG"]
[SourceTitle "EXT 2018"]
[Source "ChessBase"]
[SourceDate "2017.10.13"]
[SourceVersion "1"]
[SourceVersionDate "2017.10.13"]
[SourceQuality "1"]

1. d4 d5 2. c4 c6 3. Nc3 Nf6 4. Nf3 e6 5. e3 Nbd7 6. Bd3 dxc4 7. Bxc4 b5 8. Bd3 Bb7 9. 0-0 a6 10. Qc2 c5 11. Ne4 c4 12. Nxf6+ Nxf6 13. Be2 Be7 14. b3 Be4 15. Qd2 c3 16. Qxc3 Rc8 17. Qd2 Rc2 18. Qd1 0-0 19. Ne1 Rc8 20. Bb2 Qa5 21. Nd3 Nd5 22. a4 Nc3 23. Bxc3 Rxc3 24. axb5 Qxb5 25. Nc5 Qc6 26. Rxa6 Qd5 27. Bc4 Qf5 28. f3 Ba8 29. e4 Qf4 30. Qa1 Bxc5 31. Qxc3 Be7 32. Rfa1 Bb7 33. Ra7 Qb8 34. d5 Bc5+ 35. Kh1 Bxa7 36. dxe6 fxe6 37. Bxe6+ Kh8 38. Ra5 Qd6 39. Bd5 Rc8 40. Qa1 Bd4 41. Qd1 Be3 42. g3 Rc1 43. Qxc1 Bxc1 44. Bxb7 Qd1+ 45. Kg2 Qd2+ 0-1

[Event "Hampstead op U2200 07"]
[Site "Hampstead"]
[Date "2013.07.20"]
[Round "1"]
[White "Reed, Liam"]
[Black "Parry, Jacques"]
[Result "1-0"]
[WhiteElo "1417"]
[BlackElo "1762"]
[PlyCount "45"]
[EventDate "2013.07.20"]
[EventType "swiss"]
[EventRounds "5"]
[EventCountry "ENG"]
[SourceTitle "EXT 2023"]
[Source "ChessBase"]
[SourceDate "2022.10.05"]
[SourceVersion "1"]
[SourceVersionDate "2022.10.05"]
[SourceQuality "1"]

1. e4 c5 2. Nf3 e6 3. d4 cxd4 4. Nxd4 Nf6 5. Nc3 Nc6 6. Be3 Bb4 7. Bd3 Bxc3+ 8. bxc3 0-0 9. 0-0 a6 10. Qd2 Qc7 11. Rab1 Ng4 12. Bf4 e5 13. Bg3 Ne7 14. h3 Nf6 15. Ne2 Ng6 16. f4 Nh5 17. Bh2 Nhxf4 18. Nxf4 Nxf4 19. Bxf4 exf4 20. Rxf4 d5 21. exd5 Qc5+ 22. Kh1 Qxd5 23. Bxh7+ 1-0

[Event "Hampstead op U2200 05"]
[Site "Hampstead"]
[Date "2013.05.18"]
[Round "1"]
[White "Warman, Simon M"]
[Black "Parry, Jacques"]
[Result "1-0"]
[WhiteElo "2090"]
[BlackElo "1761"]
[PlyCount "43"]
[EventDate "2013.05.18"]
[EventType "swiss"]
[EventRounds "5"]
[EventCountry "ENG"]
[SourceTitle "EXT 2014"]
[Source "ChessBase"]
[SourceDate "2013.11.20"]
[SourceVersion "1"]
[SourceVersionDate "2013.11.20"]
[SourceQuality "1"]

1. e4 c5 2. f4 d5 3. Bb5+ Bd7 4. Bxd7+ Qxd7 5. exd5 Nf6 6. Nf3 g6 7. 0-0 Bg7 8. c4 0-0 9. Nc3 a6 10. a4 e6 11. Ne5 Qc8 12. Qf3 Nbd7 13. dxe6 fxe6 14. Nxd7 Qxd7 15. d3 b6 16. a5 b5 17. Be3 Rac8 18. Rfd1 Qe8 19. cxb5 axb5 20. a6 Qc6 21. a7 Qxf3 22. gxf3 1-0

[Event "Hampstead op U2200 04"]
[Site "Hampstead"]
[Date "2013.04.21"]
[Round "4"]
[White "Balouka Myers, Reuben"]
[Black "Parry, Jacques"]
[Result "1-0"]
[WhiteElo "1550"]
[BlackElo "1770"]
[PlyCount "112"]
[EventDate "2013.04.20"]
[EventType "swiss"]
[EventRounds "5"]
[EventCountry "ENG"]
[SourceTitle "EXT 2014"]
[Source "ChessBase"]
[SourceDate "2013.11.20"]
[SourceVersion "1"]
[SourceVersionDate "2013.11.20"]
[SourceQuality "1"]

1. e4 c5 2. Nc3 e6 3. f4 a6 4. Nf3 d5 5. d3 Nf6 6. Be2 Nc6 7. 0-0 b5 8. a3 b4 9. axb4 cxb4 10. Na4 dxe4 11. dxe4 Qxd1 12. Rxd1 Nxe4 13. Bd3 Nf6 14. Be3 Nd5 15. Kf2 Nxe3 16. Kxe3 Bb7 17. Ke2 Rd8 18. Nb6 Nb8 19. Ne5 Bd6 20. Nbc4 Bxe5 21. Nxe5 0-0 22. Ra4 Bxg2 23. Rxb4 f6 24. Ng4 Nc6 25. Rb6 Nd4+ 26. Kf2 Bf3 27. Rg1 Bxg4 28. Rxg4 Nxc2 29. Rb7 Rf7 30. Bxh7+ Kf8 31. Rxf7+ Kxf7 32. Ke2 Nd4+ 33. Ke3 Rd5 34. Bg6+ Kf8 35. Be4 Nf5+ 36. Kf3 Rd2 37. Bxf5 exf5 38. Rg2 Rxg2 39. Kxg2 g5 40. Kf3 Ke7 41. Ke3 Kd6 42. Kf3 Kd5 43. Ke3 Kc4 44. Kd2 Kb3 45. Kc1 gxf4 46. h4 f3 47. Kd2 a5 48. h5 a4 49. h6 Kxb2 50. h7 a3 51. h8Q a2 52. Qxf6+ Kb1 53. Qxf5+ Kb2 54. Qb5+ Ka3 55. Kc2 a1N+ 56. Kb1 Nb3 1-0

[Event "Hampstead op U2200 04"]
[Site "Hampstead"]
[Date "2013.04.20"]
[Round "1"]
[White "Parry, Jacques"]
[Black "Gergelova, Monika"]
[Result "1-0"]
[WhiteElo "1770"]
[BlackElo "1315"]
[PlyCount "99"]
[EventDate "2013.04.20"]
[EventType "swiss"]
[EventRounds "5"]
[EventCountry "ENG"]
[SourceTitle "EXT 2014"]
[Source "ChessBase"]
[SourceDate "2013.11.20"]
[SourceVersion "1"]
[SourceVersionDate "2013.11.20"]
[SourceQuality "1"]

1. Nf3 Nc6 2. d4 d5 3. g3 Bf5 4. Bg2 e6 5. 0-0 h6 6. Nbd2 Bd6 7. c4 Nb4 8. Ne1 Nf6 9. a3 Nc6 10. Ndf3 Be4 11. Nd2 Bxg2 12. Nxg2 Nxd4 13. cxd5 exd5 14. e4 0-0 15. exd5 Nxd5 16. Nc4 c5 17. Nxd6 Qxd6 18. b4 Nf6 19. Bf4 Qc6 20. Rc1 Rad8 21. Kh1 c4 22. Qe1 Rfe8 23. Be3 Nf3 24. Qc3 b5 25. Rfd1 Qe6 26. Nf4 Qe4 27. Ng2 Qg4 28. Nf4 Nh5 29. Nxh5 Qxh5 30. Kg2 a6 31. Rxd8 Rxd8 32. Bxh6 gxh6 33. Qxf3 Qxf3+ 34. Kxf3 Rd3+ 35. Ke4 Rxa3 36. Kd5 c3 37. Kd4 c2 38. Rxc2 Rb3 39. Kc5 Kg7 40. Kb6 Rxb4 41. Kxa6 Rb3 42. Kb6 b4 43. Kb5 Rc3 44. Rb2 b3 45. Kb4 Rc2 46. Kxb3 Rxb2+ 47. Kxb2 f5 48. Kc3 Kf6 49. Kd3 Ke5 50. Ke3 1-0